Regulation and private sector investment in infrastructure: evidence from Latin America (Record no. 289594)

000 -LEADER
fixed length control field 00391cam a22001097a 4500
008 - FIXED-LENGTH DATA ELEMENTS--GENERAL INFORMATION
fixed length control field 180718b2003 xxu||||| |||| 00| 0 eng d
100 ## - MAIN ENTRY--PERSONAL NAME
Personal name Pargal, Sheoli
245 ## - TITLE STATEMENT
Title Regulation and private sector investment in infrastructure: evidence from Latin America
Statement of responsibility, etc. by Sheoli Pargal
260 ## - PUBLICATION, DISTRIBUTION, ETC.
Place of publication, distribution, etc. Washington, .D.C.
Name of publisher, distributor, etc. World Bank
Date of publication, distribution, etc. 2003
300 ## - PHYSICAL DESCRIPTION
Extent 43p.
440 ## - SERIES STATEMENT/ADDED ENTRY--TITLE
Title Policy research working paper; no. 3037
Holdings
Withdrawn status Lost status Damaged status Not for loan Permanent Location Current Location Date acquired Barcode Date last seen Price effective from Koha item type
        Indian Institute of Public Administration Indian Institute of Public Administration 2003-09-04 WB9669 2018-07-20 2018-07-20 WB

Powered by Koha